书目信息 |
| 题名: |
城市大气污染源排放清单编制技术及其应用
|
|
| 作者: | 伏晴艳 , 刘启贞 , 李芳 主编 | |
| 分册: | ||
| 出版信息: | 上海 上海交通大学出版社 2021.08 |
|
| 页数: | 423页 | |
| 开本: | 24cm | |
| 丛书名: | 能源与环境出版工程 | |
| 单 册: | ||
| 中图分类: | X510.6 | |
| 科图分类: | ||
| 主题词: | 大气污染物--da qi wu ran wu--总排污量控制--研究--中国 | |
| 电子资源: | ||
| ISBN: | 978-7-313-23833-7 | |
| 000 | 01554nam 2200313 450 | |
| 001 | 25506 | |
| 005 | 20220919103217.79 | |
| 010 | @a978-7-313-23833-7@b精装@dCNY198.00 | |
| 100 | @a20211020d2021 em y0chiy50 ea | |
| 101 | 0 | @achi |
| 102 | @aCN@b310000 | |
| 105 | @aak z 001yy | |
| 200 | 1 | @a城市大气污染源排放清单编制技术及其应用@Acheng shi da qi wu ran yuan pai fang qing dan bian zhi ji shu ji qi ying yong@d= A bottom-up approach of emission inventory compilation and its applications for air pollution sources in urban environment@f伏晴艳, 刘启贞, 李芳等主编@zeng |
| 210 | @a上海@c上海交通大学出版社@d2021.08 | |
| 215 | @a423页@c图 (部分彩图)@d24cm | |
| 225 | 2 | @a能源与环境出版工程@Aneng yuan yu huan jing chu ban gong cheng@h第二期 |
| 300 | @a上海市文教结合“高校服务国家重大战略出版工程”资助项目 | |
| 320 | @a有索引 | |
| 330 | @a本书系统总结了这方面的工作, 主要内容包括上海市开展大气污染物排放清单编制工作的主要技术方法、技术流程、工作内容、技术要求、质量管理等, 以及清单结果在上海市相关政策制定中的应用。 | |
| 333 | @a“十三五”国家重点图书出版规划项目 | |
| 410 | 0 | @12001 @a能源与环境出版工程@h第二期 |
| 510 | 1 | @aBottom-up approach of emission inventory compilation and its applications for air pollution sources in urban environment@zeng |
| 606 | 0 | @a大气污染物@Ada qi wu ran wu@x总排污量控制@x研究@y中国 |
| 690 | @aX510.6@v5 | |
| 701 | 0 | @a伏晴艳@Afu qing yan@4主编 |
| 701 | 0 | @a刘启贞@Aliu qi zhen@4主编 |
| 701 | 0 | @a李芳@Ali fang@4主编 |
| 801 | 0 | @aCN@c20220910 |
| 905 | @a河南城建学院图书馆@dX510.6@eF647@f1 | |
| 城市大气污染源排放清单编制技术及其应用= A bottom-up approach of emission inventory compilation and its applications for air pollution sources in urban environment/伏晴艳, 刘启贞, 李芳等主编.-上海:上海交通大学出版社,2021.08 |
| 423页:图 (部分彩图);24cm.-(能源与环境出版工程.第二期) |
| 上海市文教结合“高校服务国家重大战略出版工程”资助项目.-使用对象:“十三五”国家重点图书出版规划项目 |
| ISBN 978-7-313-23833-7(精装):CNY198.00 |
| 本书系统总结了这方面的工作, 主要内容包括上海市开展大气污染物排放清单编制工作的主要技术方法、技术流程、工作内容、技术要求、质量管理等, 以及清单结果在上海市相关政策制定中的应用。 |
| ● |
| 相关链接 |
|
|
|
正题名:城市大气污染源排放清单编制技术及其应用
索取号:X510.6/F647
 
预约/预借
| 序号 | 登录号 | 条形码 | 馆藏地/架位号 | 状态 | 备注 |
| 1 | 1576345 | 215763458 | 自科库501/501自科库 99排1列2层/ [索取号:X510.6/F647] | 在馆 |